Aṣṭāṅgasaṇgrahaḥ. (Record no. 88553)

MARC details
000 -LEADER
fixed length control field 00960cam a22002651 4500
001 - CONTROL NUMBER
control field sa 68018643
003 - CONTROL NUMBER IDENTIFIER
control field DLC
005 - DATE AND TIME OF LATEST TRANSACTION
control field 20260227112713.0
008 - FIXED-LENGTH DATA ELEMENTS--GENERAL INFORMATION
fixed length control field 881219m19659999ii 000 0 san
010 ## - LIBRARY OF CONGRESS CONTROL NUMBER
LC control number sa 68018643
035 ## - SYSTEM CONTROL NUMBER
System control number (OCoLC)18923333
040 ## - CATALOGING SOURCE
Original cataloging agency DLC
Transcribing agency CU
Modifying agency CU
-- DLC
041 0# - LANGUAGE CODE
Language code of text/sound track or separate title sanhin
042 ## - AUTHENTICATION CODE
Authentication code premarc
050 00 - LIBRARY OF CONGRESS CALL NUMBER
Classification number R127.2
Item number .V33
100 0# - MAIN ENTRY--PERSONAL NAME
Personal name Vāgbhaṭa,
Dates associated with a name active 7th century.
240 10 - UNIFORM TITLE
Uniform title Aṣṭāṅgasaṅgraha
245 10 - TITLE STATEMENT
Title Aṣṭāṅgasaṇgrahaḥ.
Statement of responsibility, etc. Śrīvāgbhaṭācāryaviracita. Sarvāṅgasundarī vyākhyayā sahitaḥ. Vyākhyākāra Lālacandra Śāstrī Vaidya. Āmurkhalekhaka Raṅajitarāya Desāī.
250 ## - EDITION STATEMENT
Edition statement [1. saṃskaraṅā]
260 ## - PUBLICATION, DISTRIBUTION, ETC.
Place of publication, distribution, etc. Kalakattā :
Name of publisher, distributor, etc. Srī Vaidyanātha Āyurveda Bhavana,
Date of publication, distribution, etc. 1965-
300 ## - PHYSICAL DESCRIPTION
Extent v. ;
Dimensions 25 cm.
500 ## - GENERAL NOTE
General note In Sanskrit: introductory matter and commentary in Hindi.
650 #0 - SUBJECT ADDED ENTRY--TOPICAL TERM
Topical term or geographic name entry element Medicine, Ayurvedic.
700 1# - ADDED ENTRY--PERSONAL NAME
Personal name Vaidya, Lālacandra.
Title of a work Aṣṭāṅgasundarī.

No items available.

Powered by Koha